| 000 | 00364nam a2200133Ia 4500 | ||
|---|---|---|---|
| 008 | 231129s9999||||xx |||||||||||||| ||spa|| | ||
| 020 | _a978-958-709-879-2 | ||
| 040 | _bspa | ||
| 082 | _a364.154 A792a | ||
| 100 | _aArtunduaga Vega Lucy | ||
| 245 | 0 | _aLos amores que el secuestro mata | |
| 264 | _aIntermedio | ||
| 942 |
_2ddc _cBKS |
||
| 999 |
_c19474 _d19474 |
||